000 00987 a2200217 4500
001 28982
005 20260407155558.0
008 260407a1945 arg spa d
003 AR-UNSa-BCEJYS
040 _aAR-UNSa-BCEJYS
_bspa
_cAR-UNSa-BCEJYS
080 _a657
_xContabilidad
245 1 0 _aCurso completo de contabilidad
264 1 _aMéxico :
_bUnión Tipográfica Editorial Hispano-Americana (UTEHA)
_c1945
300 _a10 v.
_c25 cm.
505 _aVol. I: Fundamentos de contabilidad -- Vol. II: Principio de contabilidad -- Vol. III: Instrucciones y prácticas -- Vol. V: Contabilidad avanzada -- Vol. VI: Introducción a la contabilidad de costos -- Vol. VII: Procedimiento contable para los costos estandar Vol. VIII: Auditoría -- Vol. IX: Investigaciones para usos financieros -- Vol. X: Estados consolidados -- Vol XI:
041 _aspa
942 _cBK
590 _aniveau_biblio:m niveau_hierar:0
100 1 _aHimmelblau, David
700 1 _aNorthwestern University
999 _c1773
_d1773